000 00649cam a22002053a 4500
001 45773
003 PGUSA
005 20140828084049.0
008 140526s2014||||xxu|||||s|||||000 | eng d
040 _aPGUSA
_beng
042 _adc
100 1 _aI, King James
245 1 2 _aA Proclamation Declaring His Majesties Pleasure Concerning the Dissolving of the Present Convention of Parliament
_h[electronic resource] /
_cKing James I
260 _bProject Gutenberg,
_c2014
506 _aPublic domain in the USA.
516 _aElectronic text
830 0 _aProject Gutenberg
_v45773
856 4 0 _uhttp://www.gutenberg.org/ebooks/45773
942 _cEB
999 _c275023
_d275023